Normal view MARC view
  • Smith, E. Ehrlich,

Entry Nombre Personal

Number of records used in: 1

001 - NUMERO DE CONTROL

  • campo de control: 52605

003 - IDENTIFICADOR DE NUMERO DE CONTROL

  • campo de control: DLC

005 - FECHA Y HORA DE LA ÜLTIMA TRANSACCIÓN

  • campo de control: 20240701164220.0

008 - DATOS DE LONGITUD FIJA

  • campo de control de longitud fija: 171207n| azannaabn |a aaa c

010 ## - NÚMERO DE CONTROL DE LA BIBLIOTECA DEL CONGRESO

  • Número de control LC: no2017160102

035 ## - NUMERO DE CONTROL

  • Número de control: (OCoLC)oca11097783

040 ## - FUENTE DE CATALOGACIÓN

  • Agencia original de catalogación: TxSmTSU
  • Lenguaje de catalogación: spa
  • Description conventions: rda
  • Agencia de transcripción: TxSmTSU
  • Agencia que lo modifica: MX-MxUPN

100 1# - ENCABEZAMIENTO - NOMBRE PERSONAL

  • Nombre personal: Smith, E. Ehrlich,
  • Fechas asociadas con el nombre: 1886-1957

370 ## - LUGAR ASOCIADO

  • Associated country: Estados Unidos

373 ## - GRUPO ASOCIADO

  • Associated group: Richmond Public Schools (Va.)
  • Fuente del término: naf

377 ## - LENGUA ASOCIADA

  • Language code: eng

378 ## - FORMA COMPLETA DE NOMBRE PERSONAL

  • Fuller form of personal name: (Edward Ehrlich)

400 1# - VEÁSE - NOMBRE DE PERSONA

  • Personal name: Smith, Edward Ehrlich,
  • Dates associated with a name: 1886-1957

670 ## - FUENTE EN LA QUE SE LOCALIZARON DATOS

  • Cita de la fuente: The heart of the curriculum, ©1924:
  • Información localizada: portada (by E. Ehrlich Smith, Richmond Public Schools, Richmond, Virginia; author of "Teaching Geography by Problems")

670 ## - FUENTE EN LA QUE SE LOCALIZARON DATOS

  • Cita de la fuente: OCLC, December 7, 2017
  • Información localizada: (access points: Smith, E. Ehrlich; Smith, Edward Ehrlich, 1886-1957; usage: E. Ehrlich Smith)

670 ## - FUENTE EN LA QUE SE LOCALIZARON DATOS

  • Cita de la fuente: Teaching geography by problems, 1921:
  • Información localizada: portada (E. Ehrlich Smith)

902 ## - CATALOGADOR

  • Catalogador: Víctor Ruiz/010724